000 00230nam a2200085Ia 4500
005 20250523154323.0
008 250523s9999 xx 000 0 und d
245 0 _aEce Yüce/Yüce Nasıl Kanatlandı
_cGülten Dayıoğlu
260 _bALTIN
999 _c12056
_d12056